00400nam a2200121Ia 4500003000400000005001700004008004100021040001800062041000800080100004500088245011000133260003500243OSt20260120102808.0211028s2014 xx 000 0 und d cAIMIT LIBRARY aeng aSoans, Archana; Wright, Rowena.g1216013 aConversion cost and financial analysis: a case study with reference to hindustan unilever ltd Mangalore / aMangalorebRowena Wrightc2014